• 首页
  • 本馆介绍
  • 公告通知
  • 最新文献
  • 馆藏检索
  • 电子资源
  • 读者导购
  • 参考咨询
  • 我的图书馆
  • 登录
  • 详细信息显示
  • 放入我的书架
  • 预约/预借图书
  • 作者相关作品
  • 分类相关作品
  • 丛书相关作品
  • 出版社相关作品

书目信息

  • 表格格式
  • 工作单格式
  • 卡片格式
题名:
光声光热技术及其应用
    
 
作者: 殷庆瑞 著
分册:  
出版信息: 北京   科学出版社  1991
页数: 465页
开本: 20cm
丛书名:
单 册:
中图分类: TB57
科图分类:
主题词: 光声学--应用
电子资源:
ISBN: 7-03-002266-1
000 00801nam0 2200241 45
001 0192000573
005 20051101112456.29
010    @a7-03-002266-1@dCNY30.00
092    @aCN
100    @a19920115d1991 em y0chiy0121 ea
101 0  @achi
102    @aCN@b110000
105    @aa z 000yy
200 10 @a光声光热技术及其应用@AGUANG SHENG GUANG RE JI SHU JI QI YING YONG@f殷庆瑞等著@FYIN QING RUI DENG ZHU
210    @a北京@c科学出版社@d1991
215    @a465页@c彩图@d20cm
330    @a本书是我国第一部关于光声光热技术的专著,论述了各种光声光热检测的理论、特点和应用。
540 1  @a光声 光热 技术 应用@AGUANG SHENG GUANG RE JI SHU YING YONG
606    @a光声学@x应用
690    @aTB57@v三版
701  0 @a殷庆瑞@AYIN QING RUI@4著
801  0 @aCN@bTSSF@c20051101
905    @a10447@dTB57@e84
    
    光声光热技术及其应用/殷庆瑞等著.-北京:科学出版社,1991
    465页:彩图;20cm
    
    
    ISBN 7-03-002266-1:CNY30.00
    本书是我国第一部关于光声光热技术的专著,论述了各种光声光热检测的理论、特点和应用。
●
相关链接 在E读中查询图书 在五车中查询图书 在当当中查询图书 在豆瓣中查询图书


正题名:光声光热技术及其应用     索取号:TB57/84         预约/预借

序号 登录号 条形码 馆藏地/架位号 状态 备注
1 0337598   203375980   第二样本阅览室/ [索取号:TB57/84] 在馆    
2 0337599   203375999   第三借阅区/ [索取号:TB57/84] 在馆    
唐山师范学院图书馆 欢迎您!
大连网信软件有限公司© 版权所有